000
00344nam a2200145Ia 4500
008
230718s9999 xx 000 0 und d
041
_a
Eng.
082
_a
510.202
_b
WAL-P
100
_a
Walpole, Ronald E
245
0
_a
Probability and Statistics
260
_a
Pakistan
_b
Sweet & Maxwell
_c
2000
300
_a
832
650
_a
Law
999
_c
26871
_d
26871